000 00376nam a22001337a 4500
020 _qHB.
040 _cFIZZA ISHAQ
082 _a658.4038
_bKEN
100 _aLAUDON,C.KENNETH.
_9124055
245 _aMANAGEMENT INFORMATION SYSTEMS MANAGING THE DIGITAL FIRM /
_cKENNETH C.LAUDON.
260 _aNEW YORK ;
_bPEARSON,
_c2006.
300 _a121 P. ;
_c11.5X8.9IN
942 _2ddc
_cBK
999 _c616830
_d616830